00325nam a2200121Ia 4500008004100000100004400041245002600085260004600111300000900157650001200166942000800178999001700186190216s9999||||xx |||||||||||||| ||und|| aAssociation Of Indian University Author 0aQuestion Bank Physics bAssociation Of Indian Universitiesc1977 a413p aPhysics cREF c35896d35896